| 000 | 01103nmc a2200385 a 4500 | ||
|---|---|---|---|
| 003 | AR-BaBNM | ||
| 005 | 20251128203535.0 | ||
| 008 | 136019s1969 ||||||||||||||000 | spa|| | ||
| 040 | _cAR-BaBNM | ||
| 100 | 1 | _aRicciardi Ruocco, María | |
| 245 | 1 | 0 | _aEl prejuicio y la educación |
| 250 | _a1ª ed. | ||
| 260 |
_aBuenos Aires _bEstrada _c1969 |
||
| 300 | 0 | _a223 p. | |
| 490 | 0 | _aBiblioteca de ciencias de la educación | |
| 600 | 1 | 4 | _aFriedan, B. |
| 600 | 1 | 4 | _aDewey, John |
| 600 | 1 | 4 | _aMarcuse, H. |
| 650 | 4 | _aPREJUICIO | |
| 650 | 4 | _aCOMPORTAMIENTO ANTISOCIAL | |
| 650 | 4 | _aSOCIOLOGIA DE LA EDUCACION | |
| 650 | 4 | _aANTROPOLOGIA DE LA EDUCACION | |
| 650 | 4 | _aRELACION FAMILIA-ESCUELA | |
| 650 | 4 | _aEDUCACION SEXUAL | |
| 651 | 4 | _aItalia | |
| 653 | 0 | _aINSTITUCIONES EDUCATIVAS | |
| 653 | 0 | _aEDUCACION EN VALORES | |
| 653 | 0 | _aEDUCACION PARA LA CONVIVENCIA | |
| 653 | 0 | _aEDUCACION PARA LA TOLERANCIA | |
| 700 | 1 |
_aPhillips, María Teresa _etraductor |
|
| 700 | 1 |
_aGiani, Beatriz _eprologuista |
|
| 800 | 1 |
_aZanotti, Luis Jorge _edirector |
|
| 942 | _cBK | ||
| 998 | _cCarmen | ||
| 999 |
_c3853 _d3853 |
||